Statistiques concernant Les Prénoms de Peintres

Cliquez ici pour prendre le quiz!

Statistiques générales

  • Ce quiz a été pris 225 fois
    (195 depuis la dernière actualisation)
  • Le résultat moyen est 7 sur 8

Statistiques - réponses

NomPrénom% Correct
Van GoghVincent
98%
CézannePaul
96%
PicassoPablo
95%
DaliSalvador
93%
MonetClaude
87%
De VinciLeonardo
84%
RenoirAuguste
71%
ManetEdouard
52%

Distribution des résultats

Percentile par nombre de réponses

% des personnes avec chaque résultat

Votre développement - résultats

Vous n’avez pas pris ce quiz depuis la dernière actualisation